Nuevas bibliotecas populares
Publicado:
San Jorge, núm. 78 (2n trimestre 1970), pàg 124 :
MARC
| LEADER | 00000nam a2200000Ia 4500 | ||
|---|---|---|---|
| 001 | |||
| 008 | 160829s9999 xx 000 0 cat d | ||
| 245 | |a Nuevas bibliotecas populares | ||
| 260 | |a San Jorge, núm. 78 (2n trimestre 1970), pàg 124 | ||
| 650 | |a Biblioteca Populas de Tona |9 40531 | ||
| 650 | |a Biblioteca Josep Janés (Hospitalet de Llobregat) |9 40532 | ||
| 650 | |a Biblioteca Santa Eulàlia (Hospitalet de Llobregat) I |9 40533 | ||
| 650 | 0 | |a Biblioteca popular Juan XXIII (Terrassa) |9 40336 | |
| 901 | |a Arxiu | ||
| 942 | |n 1 | ||
| 952 | |0 0 |1 0 |4 0 |7 1 |9 49770 |a Arxiu |b Arxiu |d 2016-12-01 |l 0 |r 2016-12-01 00:00:00 |w 2016-12-01 |y ARXIU | ||
| 999 | |c 53612 |d 53612 | ||